All 10k+ Cities in Japan - Statistics

General Stats
  • This quiz has been taken 245 times
  • The average score is 191 of 1188
Answers on the Map
Answers color-coded by a green-red scale on the quiz's map according to % correct below.
 
Answer Stats
Prefrectures Population Answer % Correct
Hokkaidō 1,973,395 Sapporo
85%
Tōkyō 9,733,276 Tōkyō
85%
Kyōto 1,463,723 Kyōto
81%
Ōsaka 2,752,412 Ōsaka
79%
Aomori 275,192 Aomori
77%
Hiroshima 1,200,754 Hiroshima
77%
Nagasaki 409,118 Nagasaki
77%
Akita 307,672 Akita
76%
Fukushima 282,693 Fukushima
76%
Fukuoka 1,612,392 Fukuoka
75%
Kanagawa 3,777,491 Yokohama
75%
Kōchi 16,243 Aki
74%
Nagano 372,760 Nagano
74%
Chiba 974,951 Chiba
73%
Okinawa 63,554 Nago
73%
Nara 354,630 Nara
73%
Niigata 789,275 Niigata
73%
Okinawa 10,806 Kin
72%
Aichi 2,332,176 Nagoya
72%
Saga 233,301 Saga
72%
Miyagi 1,096,704 Sendai
72%
Kumamoto 49,025 Yamaga
72%
Saitama 1,324,025 Saitama
71%
Kanagawa 17,129 Ōi
69%
Gifu 25,280 Yamagata
69%
Yamagata 247,590 Yamagata
69%
Shizuoka 693,389 Shizuoka
68%
Mie 274,537 Tsu
68%
Wakayama 356,729 Wakayama
68%
Fukui 262,328 Fukui
67%
Hokkaidō 251,084 Hakodate
67%
Kumamoto 738,865 Kumamoto
67%
Toyama 413,938 Toyama
67%
Gifu 402,557 Gifu
66%
Hyōgo 1,525,152 Kōbe
66%
Miyazaki 401,339 Miyazaki
66%
Nagano 47,790 Okaya
66%
Okayama 724,691 Okayama
66%
Hyōgo 19,261 Taka
66%
Kōchi 326,545 Kōchi
65%
Fukuoka 13,820 Ōki
65%
Yamaguchi 193,966 Yamaguchi
65%
Kagoshima 593,128 Kagoshima
64%
Mie 46,057 Shima
63%
Tottori 188,465 Tottori
63%
Shizuoka 245,392 Fuji
62%
Shimane 32,846 Ōda
62%
Fukuoka 939,029 Kitakyūshū
61%
Ōita 475,614 Ōita
61%
Hiroshima 12,582 Saka
61%
Tochigi 155,549 Tochigi
61%
Tokushima 252,391 Tokushima
61%
Okayama 38,384 Ibara
60%
Ibaraki 270,685 Mito
60%
Tochigi 518,757 Utsunomiya
60%
Shizuoka 790,718 Hamamatsu
59%
Ibaraki 31,401 Ibaraki
59%
Ōsaka 287,730 Ibaraki
59%
Okinawa 317,625 Naha
59%
Aichi 86,126 Ama
58%
Ishikawa 63,220 Kaga
58%
Fukuoka 35,473 Kama
58%
Okinawa 142,752 Okinawa
58%
Iwate 12,285 Iwate
57%
Ehime 511,192 Matsuyama
57%
Hokkaidō 14,338 Mori
56%
Shizuoka 17,457 Mori
56%
Fukui 88,481 Sakai
56%
Ibaraki 24,201 Sakai
56%
Ōsaka 826,161 Sakai
56%
Ishikawa 463,254 Kanazawa
55%
Shizuoka 28,190 Izu
54%
Aichi 422,330 Toyota
54%
Kanagawa 172,710 Kamakura
53%
Iwate 289,731 Morioka
53%
Yamanashi 33,435 Yamanashi
53%
Chiba 63,745 Asahi
52%
Mie 11,021 Asahi
52%
Toyama 11,081 Asahi
52%
Hokkaidō 329,306 Asahikawa
52%
Ōita 115,321 Beppu
52%
Fukuoka 15,176 Kawasaki
51%
Kanagawa 1,538,262 Kawasaki
51%
Kanagawa 388,078 Yokosuka
51%
Tokushima 34,713 Awa
49%
Tōkyō 579,355 Hachiōji
49%
Mie 122,765 Ise
49%
Niigata 266,936 Nagaoka
49%
Fukui 31,286 Ōno
49%
Gifu 22,041 Ōno
49%
Hyōgo 47,562 Ono
49%
Kanagawa 11,293 Hakone
48%
Ōita 62,657 Hita
48%
Aichi 384,654 Okazaki
48%
Yamaguchi 255,051 Shimonoseki
48%
Kyōto 179,630 Uji
48%
Gifu 22,538 Hida
47%
Fukushima 332,931 Iwaki
47%
Shimane 172,775 Izumo
47%
Akita 25,154 Oga
47%
Gumma 372,973 Takasaki
47%
Hyōgo 41,967 Awaji
46%
Aomori 223,415 Hachinohe
46%
Aomori 168,466 Hirosaki
46%
Ibaraki 174,508 Hitachi
46%
Hiroshima 214,592 Kure
46%
Gifu 19,247 Mino
46%
Ōsaka 136,868 Minō
46%
Hiroshima 131,170 Onomichi
46%
Hiroshima 460,930 Fukuyama
45%
Aichi 380,073 Ichinomiya
45%
Chiba 11,897 Ichinomiya
45%
Fukushima 14,644 Ishikawa
45%
Mie 15,123 Kawagoe
45%
Saitama 354,571 Kawagoe
45%
Fukuoka 303,316 Kurume
45%
Aichi 60,942 Tsushima
45%
Nagasaki 28,502 Tsushima
45%
Hyōgo 530,495 Himeji
44%
Kagoshima 123,135 Kirishima
44%
Chiba 132,906 Narita
44%
Kanagawa 188,856 Odawara
44%
Niigata 94,642 Sanjō
44%
Miyagi 140,151 Ishinomaki
43%
Yamanashi 75,313 Kai
43%
Tochigi 77,661 Nikkō
43%
Niigata 51,492 Sado
43%
Hokkaidō 33,563 Wakkanai
43%
Kanagawa 239,169 Yamato
43%
Kumamoto 13,503 Yamato
43%
Kumamoto 24,930 Aso
42%
Shizuoka 34,208 Atami
42%
Kagoshima 51,994 Izumi
42%
Ōsaka 184,495 Izumi
42%
Saitama 229,792 Kasukabe
42%
Fukuoka 58,786 Koga
42%
Ibaraki 139,344 Koga
42%
Shimane 203,616 Matsue
42%
Shiga 345,070 Ōtsu
42%
Gifu 84,419 Takayama
42%
Niigata 77,201 Tsubame
42%
Nagano 241,145 Matsumoto
41%
Yamanashi 31,016 Tsuru
41%
Gifu 158,286 Ōgaki
40%
Saitama 594,274 Kawaguchi
39%
Okayama 474,592 Kurashiki
39%
Shiga 113,636 Nagahama
39%
Aichi 127,792 Seto
39%
Kagawa 417,496 Takamatsu
39%
Hyōgo 226,432 Takarazuka
39%
Yamagata 81,252 Yonezawa
39%
Gumma 332,149 Maebashi
38%
Fukui 80,611 Echizen
37%
Fukui 20,118 Echizen
37%
Hiroshima 114,173 Hatsukaichi
37%
Mie 88,766 Iga
37%
Tottori 10,799 Iwami
37%
Miyagi 13,323 Matsushima
37%
Aomori 54,103 Mutsu
37%
Chiba 45,153 Tateyama
37%
Toyama 24,792 Tateyama
37%
Okayama 32,320 Bizen
36%
Nagano 19,188 Karuizawa
36%
Ibaraki 53,502 Naka
36%
Nagano 98,199 Saku
36%
Chiba 168,743 Sakura
36%
Tochigi 44,513 Sakura
36%
Ōita 32,772 Yufu
36%
Yamanashi 189,591 Kōfu
35%
Kyōto 80,336 Maizuru
35%
Mie 159,145 Matsusaka
35%
Ishikawa 15,687 Noto
35%
Nagasaki 243,223 Sasebo
35%
Fukushima 59,491 Shirakawa
35%
Shizuoka 65,491 Itō
34%
Shiga 143,913 Kusatsu
34%
Fukui 28,991 Obama
34%
Nagano 26,029 Ōmachi
34%
Ibaraki 142,074 Tsuchiura
34%
Fukushima 58,240 Date
33%
Hokkaidō 32,826 Date
33%
Nagasaki 24,948 Iki
33%
Yamaguchi 32,519 Nagato
33%
Aichi 91,520 Nisshin
33%
Akita 69,237 Ōdate
33%
Kagawa 47,003 Sanuki
33%
Ōsaka 87,456 Settsu
33%
Wakayama 69,870 Tanabe
33%
Yamagata 122,347 Tsuruoka
33%
Shizuoka 128,105 Fujinomiya
32%
Ehime 35,133 Iyo
32%
Chiba 426,468 Kashiwa
32%
Fukushima 44,760 Kitakata
32%
Kumamoto 61,772 Kōshi
32%
Kyōto 73,753 Kyōtanabe
32%
Kagawa 109,513 Marugame
32%
Kanagawa 42,069 Miura
32%
Ishikawa 12,929 Suzu
32%
Fukushima 117,376 Aizuwakamatsu
31%
Akita 77,657 Daisen
31%
Tottori 15,370 Daisen
31%
Nagano 66,125 Ina
31%
Saitama 44,841 Ina
31%
Shiga 88,358 Kōka
31%
Shizuoka 107,783 Mishima
31%
Hokkaidō 24,636 Nemuro
31%
Gumma 223,014 Ōta
31%
Chiba 20,127 Sakae
31%
Tochigi 59,507 Shimotsuke
31%
Fukui 64,264 Tsuruga
31%
Miyagi 12,046 Yamamoto
31%
Fukuoka 73,164 Dazaifu
29%
Hiroshima 51,155 Fuchū
29%
Hiroshima 37,655 Fuchū
29%
Tōkyō 262,790 Fuchū
29%
Kagoshima 33,080 Minamikyūshū
29%
Shiga 81,122 Ōmihachiman
28%
Fukui 68,302 Sabae
28%
Nagasaki 43,338 Shimabara
28%
Kōchi 25,732 Tosa
28%
Chiba 171,362 Urayasu
28%
Hyōgo 485,587 Nishinomiya
27%
Yamagata 14,971 Obanazawa
27%
Hokkaidō 166,536 Obihiro
27%
Saitama 28,524 Ogawa
27%
Gifu 85,283 Seki
27%
Miyazaki 11,642 Takachiho
27%
Tōkyō 146,951 Tama
27%
Aomori 30,934 Tsugaru
27%
Hyōgo 33,604 Harima
26%
Fukushima 11,459 Kōri
26%
Aichi 61,952 Miyoshi
26%
Hiroshima 50,681 Miyoshi
26%
Saitama 38,434 Miyoshi
26%
Tokushima 23,605 Miyoshi
26%
Miyagi 11,418 Zaō
26%
Kagoshima 41,390 Amami
25%
Niigata 188,047 Jōetsu
25%
Fukushima 327,692 Kōriyama
25%
Wakayama 11,818 Minabe
25%
Ibaraki 15,715 Ōarai
25%
Kanagawa 725,493 Sagamihara
25%
Kagoshima 20,243 Satsuma
25%
Fukuoka 24,391 Buzen
24%
Fukuoka 48,827 Chikugo
24%
Chiba 642,907 Funabashi
24%
Hiroshima 196,608 Higashihiroshima
24%
Shiga 112,819 Higashiōmi
24%
Okinawa 47,637 Ishigaki
24%
Yamaguchi 129,125 Iwakuni
24%
Tokushima 54,622 Naruto
24%
Iwate 112,937 Ōshū
24%
Hokkaidō 111,299 Otaru
24%
Hyōgo 459,593 Amagasaki
23%
Iwate 93,193 Hanamaki
23%
Kyōto 86,174 Kameoka
23%
Ibaraki 66,950 Kashima
23%
Saga 27,892 Kashima
23%
Hokkaidō 115,480 Kitami
23%
Toyama 39,638 Kurobe
23%
Nagano 154,055 Ueda
23%
Ōsaka 264,642 Yao
23%
Hyōgo 303,601 Akashi
22%
Ōsaka 493,940 Higashiōsaka
22%
Hiroshima 17,763 Kitahiroshima
22%
Hokkaidō 58,171 Kitahiroshima
22%
Tōkyō 431,079 Machida
22%
Aomori 16,809 Nanbu
22%
Tottori 10,323 Nanbu
22%
Hokkaidō 170,113 Tomakomai
22%
Aichi 371,920 Toyohashi
22%
Yamaguchi 30,799 Yanai
22%
Tottori 147,317 Yonago
22%
Yamaguchi 44,626 Hagi
21%
Aichi 73,090 Inuyama
21%
Hokkaidō 165,077 Kushiro
21%
Hokkaidō 19,105 Kushiro
21%
Toyama 47,937 Nanto
21%
Aichi 169,046 Nishio
21%
Shiga 68,820 Rittō
21%
Nara 54,857 Sakurai
21%
Mie 195,670 Suzuka
21%
Fukuoka 29,591 Chikuzen
20%
Kanagawa 436,905 Fujisawa
20%
Yamanashi 46,530 Fujiyoshida
20%
Yamaguchi 49,798 Hikari
20%
Shiga 113,647 Hikone
20%
Hyōgo 16,064 Kami
20%
Kōchi 26,513 Kami
20%
Miyagi 21,943 Kami
20%
Kyōto 50,860 Kyōtango
20%
Chiba 498,232 Matsudo
20%
Kumamoto 16,303 Mifune
20%
Fukuoka 18,825 Miyako
20%
Iwate 50,369 Miyako
20%
Shizuoka 18,568 Oyama
20%
Tochigi 166,666 Oyama
20%
Tochigi 116,228 Sano
20%
Hokkaidō 97,950 Chitose
19%
Tōkyō 242,614 Chōfu
19%
Tōkyō 54,326 Hamura
19%
Ehime 151,672 Imabari
19%
Nara 120,922 Kashihara
19%
Tokushima 28,055 Mima
19%
Shizuoka 189,386 Numazu
19%
Yamaguchi 14,798 Suō-Ōshima
19%
Toyama 166,393 Takaoka
19%
Shiga 46,377 Takashima
19%
Ibaraki 241,656 Tsukuba
19%
Fukui 14,003 Wakasa
19%
Mie 305,424 Yokkaichi
19%
Shizuoka 28,919 Yoshida
19%
Chiba 269,524 Ichihara
18%
Chiba 496,676 Ichikawa
18%
Hyōgo 11,231 Ichikawa
18%
Kagoshima 24,453 Isa
18%
Fukuoka 111,023 Kasuga
18%
Hiroshima 90,573 Mihara
18%
Hokkaidō 82,383 Muroran
18%
Tōkyō 207,388 Nishitōkyō
18%
Kagoshima 12,385 Ōsaki
18%
Miyagi 127,330 Ōsaki
18%
Ōsaka 385,567 Suita
18%
Saitama 140,899 Toda
18%
Saitama 342,464 Tokorozawa
18%
Kanagawa 242,389 Chigasaki
17%
Hokkaidō 121,056 Ebetsu
17%
Shizuoka 141,342 Fujieda
17%
Nara 27,927 Gojō
17%
Hokkaidō 44,302 Hokuto
17%
Yamanashi 44,053 Hokuto
17%
Gifu 23,360 Ikeda
17%
Ōsaka 104,993 Ikeda
17%
Shizuoka 166,672 Iwata
17%
Hyōgo 260,878 Kakogawa
17%
Yamagata 100,273 Sakata
17%
Aomori 60,378 Towada
17%
Hokkaidō 35,759 Abashiri
16%
Tochigi 144,746 Ashikaga
16%
Kanagawa 258,422 Hiratsuka
16%
Ibaraki 156,581 Hitachinaka
16%
Hyōgo 198,138 Itami
16%
Kagoshima 101,096 Kanoya
16%
Ibaraki 73,173 Kasama
16%
Saitama 194,415 Kumagaya
16%
Akita 18,613 Misato
16%
Miyagi 23,994 Misato
16%
Saitama 142,145 Misato
16%
Saitama 11,039 Misato
16%
Tōkyō 195,391 Mitaka
16%
Kyōto 16,758 Miyazu
16%
Niigata 57,418 Murakami
16%
Tōkyō 133,535 Ōme
16%
Hokkaidō 17,858 Shibetsu
16%
Ōsaka 352,698 Takatsuki
16%
Mie 14,021 Taki
16%
Aichi 184,661 Toyokawa
16%
Yamaguchi 162,570 Ube
16%
Aichi 187,990 Anjō
15%
Hokkaidō 21,131 Furano
15%
Kanagawa 162,439 Hadano
15%
Shiga 20,964 Hino
15%
Tōkyō 190,435 Hino
15%
Iwate 111,932 Ichinoseki
15%
Nara 116,675 Ikoma
15%
Gumma 211,850 Isesaki
15%
Aichi 308,681 Kasugai
15%
Chiba 136,166 Kisarazu
15%
Ibaraki 68,421 Moriya
15%
Tōkyō 150,149 Musashino
15%
Tochigi 23,956 Nasu
15%
Tochigi 115,210 Nasushiobara
15%
Iwate 25,513 Ninohe
15%
Miyazaki 118,394 Nobeoka
15%
Chiba 152,638 Noda
15%
Yamagata 34,432 Shinjō
15%
Wakayama 20,262 Shirahama
15%
Saitama 248,304 Sōka
15%
Nagano 30,122 Tōmi
15%
Ōsaka 401,558 Toyonaka
15%
Okayama 99,937 Tsuyama
15%
Ehime 70,809 Uwajima
15%
Chiba 199,498 Yachiyo
15%
Ibaraki 21,026 Yachiyo
15%
Shiga 50,513 Yasu
15%
Kanagawa 57,060 Zushi
15%
Saitama 59,674 Chichibu
14%
Nagano 14,084 Fujimi
14%
Saitama 111,859 Fujimi
14%
Aichi 117,884 Handa
14%
Iwate 11,494 Ichinohe
14%
Hokkaidō 79,306 Iwamizawa
14%
Shizuoka 114,954 Kakegawa
14%
Iwate 32,078 Kamaishi
14%
Saga 117,373 Karatsu
14%
Aichi 153,834 Kariya
14%
Miyagi 61,147 Kesennuma
14%
Iwate 93,045 Kitakami
14%
Aichi 67,352 Kiyosu
14%
Ishikawa 106,216 Komatsu
14%
Miyazaki 160,640 Miyakonojō
14%
Chiba 199,849 Nagareyama
14%
Ōita 82,863 Nakatsu
14%
Miyagi 78,718 Natori
14%
Miyazaki 50,848 Nichinan
14%
Kagoshima 92,403 Satsumasendai
14%
Saitama 148,699 Sayama
14%
Miyagi 38,271 Shibata
14%
Niigata 94,927 Shibata
14%
Shizuoka 31,710 Shimizu
14%
Shizuoka 20,183 Shimoda
14%
Nagano 48,729 Suwa
14%
Aichi 113,787 Tōkai
14%
Ibaraki 37,891 Tōkai
14%
Ibaraki 15,340 Tone
14%
Shizuoka 136,845 Yaizu
14%
Akita 85,555 Yokote
14%
Yamagata 13,032 Yuza
14%
Akita 42,091 Yuzawa
14%
Kanagawa 132,325 Zama
14%
Hyōgo 28,355 Aioi
13%
Saitama 141,083 Asaka
13%
Kanagawa 223,705 Atsugi
13%
Kanagawa 136,516 Ebina
13%
Saitama 141,268 Fukaya
13%
Nagasaki 34,391 Gotō
13%
Hokkaidō 11,279 Hidaka
13%
Saitama 54,571 Hidaka
13%
Tōkyō 151,815 Higashimurayama
13%
Ōsaka 397,289 Hirakata
13%
Nagasaki 133,852 Isahaya
13%
Gumma 106,445 Kiryū
13%
Tōkyō 198,739 Kodaira
13%
Kumamoto 10,132 Kōsa
13%
Saitama 341,621 Koshigaya
13%
Iwate 33,043 Kuji
13%
Saitama 150,582 Kuki
13%
Hokkaidō 27,282 Nayoro
13%
Ehime 115,938 Niihama
13%
Hokkaidō 46,391 Noboribetsu
13%
Nara 24,043 Ōji
13%
Fukuoka 32,927 Shingū
13%
Wakayama 27,171 Shingū
13%
Chiba 62,441 Shiroi
13%
Yamaguchi 137,540 Shūnan
13%
Tōkyō 183,581 Tachikawa
13%
Gifu 106,732 Tajimi
13%
Ōita 52,771 Usa
13%
Hokkaidō 15,826 Yakumo
13%
Kumamoto 123,067 Yatsushiro
13%
Kyōto 70,433 Yawata
13%
Chiba 130,510 Abiko
12%
Tōkyō 113,949 Akishima
12%
Ōsaka 119,367 Daitō
12%
Hokkaidō 70,331 Eniwa
12%
Shimane 54,592 Hamada
12%
Miyazaki 59,629 Hyūga
12%
Nagano 98,164 Iida
12%
Nagano 19,539 Iiyama
12%
Kanagawa 101,780 Isehara
12%
Hokkaidō 56,869 Ishikari
12%
Niigata 40,765 Itoigawa
12%
Gifu 144,521 Kakamigahara
12%
Chiba 109,932 Kamagaya
12%
Hyōgo 152,321 Kawanishi
12%
Yamagata 14,558 Kawanishi
12%
Chiba 82,206 Kimitsu
12%
Tōkyō 126,074 Koganei
12%
Tōkyō 129,242 Kokubunji
12%
Aichi 98,255 Kōnan
12%
Kōchi 32,207 Kōnan
12%
Shiga 54,460 Konan
12%
Yamanashi 29,237 Kōshū
12%
Mie 138,613 Kuwana
12%
Shimane 45,003 Masuda
12%
Aomori 39,152 Misawa
12%
Fukuoka 50,112 Nakagawa
12%
Tochigi 15,215 Nakagawa
12%
Nagano 42,338 Nakano
12%
Akita 49,968 Noshiro
12%
Fukuoka 111,281 Ōmuta
12%
Tottori 32,740 Sakaiminato
12%
Hyōgo 109,238 Sanda
12%
Miyagi 52,203 Shiogama
12%
Yamagata 62,140 Tendō
12%
Iwate 25,366 Tōno
12%
Saga 74,196 Tosu
12%
Ishikawa 24,608 Wajima
12%
Ibaraki 50,645 Yūki
12%
Saitama 226,940 Ageo
11%
Kanagawa 39,869 Aikawa
11%
Kumamoto 75,783 Amakusa
11%
Hokkaidō 14,380 Betsukai
11%
Ibaraki 100,753 Chikusei
11%
Aichi 84,364 Chita
11%
Chiba 58,431 Chōshi
11%
Gumma 63,261 Fujioka
11%
Aomori 16,042 Gonohe
11%
Aomori 51,415 Goshogawara
11%
Ishikawa 110,408 Hakusan
11%
Gifu 65,649 Hashima
11%
Kumamoto 31,108 Hitoyoshi
11%
Yamaguchi 113,979 Hōfu
11%
Kagoshima 39,011 Ibusuki
11%
Ōsaka 100,131 Izumisano
11%
Mie 49,835 Kameyama
11%
Niigata 25,441 Kamo
11%
Ōsaka 68,775 Kashiwara
11%
Hyōgo 40,645 Katō
11%
Akita 30,198 Kitaakita
11%
Miyazaki 43,670 Kobayashi
11%
Tōkyō 84,772 Komae
11%
Hokkaidō 15,129 Kutchan
11%
Shiga 37,225 Maibara
11%
Ōsaka 117,641 Matsubara
11%
Hyōgo 75,294 Miki
11%
Kagawa 26,878 Miki
11%
Hyōgo 44,137 Minamiawaji
11%
Hokkaidō 21,215 Mombetsu
11%
Ōsaka 143,096 Moriguchi
11%
Yamagata 22,516 Murayama
11%
Hokkaidō 27,686 Nanae
11%
Chiba 176,197 Narashino
11%
Ōsaka 229,733 Neyagawa
11%
Nagasaki 95,397 Ōmura
11%
Hokkaidō 20,114 Rumoi
11%
Ehime 104,791 Saijō
11%
Ōita 66,851 Saiki
11%
Ishikawa 18,630 Shika
11%
Kōchi 32,694 Shimanto
11%
Kōchi 15,607 Shimanto
11%
Miyagi 32,758 Shiroishi
11%
Saga 22,051 Shiroishi
11%
Hokkaidō 16,486 Sunagawa
11%
Aichi 59,360 Tahara
11%
Hokkaidō 39,490 Takikawa
11%
Kumamoto 64,292 Tamana
11%
Mie 17,525 Toba
11%
Ehime 20,480 Tobe
11%
Miyagi 76,037 Tome
11%
Hyōgo 77,489 Toyooka
11%
Kumamoto 57,032 Uki
11%
Ōita 36,158 Usuki
11%
Kumamoto 36,122 Uto
11%
Kagoshima 11,858 Yakushima
11%
Fukuoka 64,475 Yanagawa
11%
Ehime 31,987 Yawatahama
11%
Chiba 93,576 Yotsukaidō
11%
Kagawa 31,631 Zentsūji
11%
Hyōgo 45,892 Akō
9%
Fukuoka 13,545 Ashiya
9%
Hyōgo 93,922 Ashiya
9%
Nagano 58,852 Chikuma
9%
Yamanashi 14,219 Fujikawa
9%
Saitama 113,597 Fujimino
9%
Fukuoka 21,398 Fukuchi
9%
Kyōto 77,306 Fukuchiyama
9%
Tōkyō 56,414 Fussa
9%
Aichi 79,538 Gamagōri
9%
Gifu 30,428 Gero
9%
Aichi 72,458 Hekinan
9%
Miyagi 39,098 Higashimatsushima
9%
Saitama 145,651 Iruma
9%
Ibaraki 95,454 Kamisu
9%
Kagawa 57,438 Kan'onji
9%
Tochigi 94,033 Kanuma
9%
Niigata 81,526 Kashiwazaki
9%
Akita 31,720 Katagami
9%
Chiba 16,927 Katsuura
9%
Akita 29,088 Kazuno
9%
Shizuoka 57,885 Kosai
9%
Tottori 46,485 Kurayoshi
9%
Miyagi 64,637 Kurihara
9%
Kanagawa 10,836 Matsuda
9%
Gumma 49,648 Midori
9%
Niigata 54,851 Minamiuonuma
9%
Kagawa 61,857 Mitoyo
9%
Shiga 83,236 Moriyama
9%
Kyōto 80,608 Nagaokakyō
9%
Hokkaidō 23,010 Nakashibetsu
9%
Gifu 76,570 Nakatsugawa
9%
Ishikawa 50,300 Nanao
9%
Fukushima 53,557 Nihonmatsu
9%
Saitama 166,017 Niiza
9%
Kanagawa 27,564 Ninomiya
9%
Fukuoka 102,085 Ōnojō
9%
Ehime 40,575 Ōzu
9%
Kumamoto 35,187 Ōzu
9%
Saitama 100,275 Sakado
9%
Aomori 14,556 Shichinohe
9%
Hokkaidō 21,517 Shinhidaka
9%
Hyōgo 41,236 Sumoto
9%
Nara 63,889 Tenri
9%
Aichi 58,710 Tokoname
9%
Ōsaka 108,699 Tondabayashi
9%
Ibaraki 104,524 Toride
9%
Ibaraki 49,872 Tsukubamirai
9%
Niigata 34,483 Uonuma
9%
Ibaraki 84,651 Ushiku
9%
Saitama 93,363 Yashio
9%
Saitama 71,979 Yoshikawa
9%
Akita 74,707 Yurihonjō
9%
Tokushima 69,470 Anan
8%
Gumma 54,907 Annaka
8%
Hokkaidō 20,413 Bibai
8%
Hokkaidō 19,241 Engaru
8%
Hokkaidō 20,039 Fukagawa
8%
Wakayama 23,481 Gobō
8%
Gifu 38,997 Gujō
8%
Saitama 78,617 Gyōda
8%
Wakayama 60,818 Hashimoto
8%
Toyama 43,950 Himi
8%
Kagoshima 47,153 Hioki
8%
Aomori 30,567 Hirakawa
8%
Fukuoka 126,364 Iizuka
8%
Toyama 90,742 Imizu
8%
Fukushima 13,552 Inawashiro
8%
Kōchi 21,374 Ino
8%
Chiba 102,609 Inzai
8%
Fukuoka 98,877 Itoshima
8%
Miyagi 44,068 Iwanuma
8%
Ōsaka 119,764 Kadoma
8%
Wakayama 48,369 Kainan
8%
Yamagata 29,110 Kaminoyama
8%
Kumamoto 46,416 Kikuchi
8%
Wakayama 58,816 Kinokawa
8%
Ōsaka 190,658 Kishiwada
8%
Aichi 148,831 Komaki
8%
Saitama 116,828 Kōnosu
8%
Hiroshima 22,834 Kumano
8%
Mie 15,965 Kumano
8%
Hokkaidō 25,766 Makubetsu
8%
Hokkaidō 18,048 Memuro
8%
Nagasaki 42,330 Minamishimabara
8%
Fukushima 59,005 Minamisōma
8%
Tochigi 78,190 Mo'oka
8%
Tōkyō 70,829 Musashimurayama
8%
Niigata 30,383 Myōkō
8%
Mie 76,387 Nabari
8%
Iwate 34,728 Ōfunato
8%
Gumma 25,522 Ōra
8%
Aomori 10,447 Rokunohe
8%
Ibaraki 76,420 Ryūgasaki
8%
Miyazaki 28,610 Saito
8%
Okayama 36,048 Setouchi
8%
Gumma 74,581 Shibukawa
8%
Kagoshima 29,329 Shibushi
8%
Ehime 82,754 Shikokuchūō
8%
Aichi 44,355 Shinshiro
8%
Hokkaidō 16,212 Shiraoi
8%
Iwate 32,147 Shiwa
8%
Fukushima 74,992 Sukagawa
8%
Miyagi 62,827 Tagajō
8%
Saga 47,914 Takeo
8%
Hokkaidō 15,916 Tōbetsu
8%
Miyagi 51,651 Tomiya
8%
Saitama 74,283 Warabi
8%
Iwate 14,320 Yamada
8%
Hokkaidō 18,000 Yoichi
8%
Kagoshima 76,348 Aira
7%
Tokushima 35,246 Aizumi
7%
Okayama 42,661 Akaiwa
7%
Tōkyō 79,292 Akiruno
7%
Fukui 27,524 Awara
7%
Kanagawa 83,913 Ayase
7%
Hokkaidō 18,697 Bihoro
7%
Nagano 56,400 Chino
7%
Gifu 47,774 Ena
7%
Shizuoka 87,864 Fukuroi
7%
Okinawa 100,125 Ginowan
7%
Iwate 24,023 Hachimantai
7%
Tochigi 14,961 Haga
7%
Saitama 52,862 Hanyū
7%
Kanagawa 31,665 Hayama
7%
Kagawa 28,279 Higashikagawa
7%
Tōkyō 115,271 Higashikurume
7%
Yamagata 47,682 Higashine
7%
Tōkyō 83,901 Higashiyamato
7%
Kagoshima 27,490 Ichikikushikino
7%
Saga 52,629 Imari
7%
Chiba 35,544 Isumi
7%
Shizuoka 46,804 Izunokuni
7%
Ishikawa 34,889 Kahoku
7%
Yamagata 17,641 Kahoku
7%
Gifu 32,735 Kaizu
7%
Miyagi 27,976 Kakuda
7%
Chiba 32,116 Kamogawa
7%
Gifu 99,968 Kani
7%
Ōsaka 101,692 Kawachinagano
7%
Aichi 86,385 Kitanagoya
7%
Tōkyō 77,130 Kunitachi
7%
Aomori 31,946 Kuroishi
7%
Tochigi 39,474 Mibu
7%
Okayama 25,939 Mimasaka
7%
Chiba 35,831 Minamibōsō
7%
Miyagi 12,225 Minamisanriku
7%
Kagoshima 32,887 Minamisatsuma
7%
Kyōto 56,859 Mukō
7%
Aichi 60,162 Nagakute
7%
Hokkaidō 10,289 Naganuma
7%
Ibaraki 32,185 Namegata
7%
Okayama 28,079 Niimi
7%
Akita 23,435 Nikaho
7%
Hyōgo 38,673 Nishiwaki
7%
Tochigi 24,913 Nogi
7%
Aichi 93,123 Ōbu
7%
Saitama 74,748 Okegawa
7%
Tochigi 72,087 Ōtawara
7%
Hokkaidō 43,576 Otofuke
7%
Yamanashi 22,512 Ōtsuki
7%
Mie 16,252 Owase
7%
Kagawa 50,624 Sakaide
7%
Saitama 75,346 Shiki
7%
Nagano 67,241 Shiojiri
7%
Iwate 15,731 Shizukuishi
7%
Okayama 69,030 Sōja
7%
Saga 18,295 Taku
7%
Fukushima 35,169 Tamura
7%
Gumma 75,309 Tatebayashi
7%
Hyōgo 74,316 Tatsuno
7%
Nagano 18,555 Tatsuno
7%
Aomori 16,428 Tōhoku
7%
Niigata 49,820 Tōkamachi
7%
Gifu 55,348 Toki
7%
Hokkaidō 12,074 Urakawa
7%
Okinawa 115,690 Urasoe
7%
Saga 25,848 Ureshino
7%
Okinawa 125,303 Uruma
7%
Chiba 67,455 Yachimata
7%
Iwate 28,056 Yahaba
7%
Kanagawa 23,426 Yugawara
7%
Niigata 40,696 Agano
6%
Fukushima 15,068 Aizubange
6%
Ibaraki 48,553 Ami
6%
Kumamoto 50,832 Arao
6%
Saga 19,010 Arita
6%
Hokkaidō 12,555 Ashibetsu
6%
Nagano 94,222 Azumino
6%
Ibaraki 52,265 Bandō
6%
Ōita 33,695 Bungo-ōno
6%
Fukuoka 103,311 Chikushino
6%
Aichi 72,193 Chiryū
6%
Yamanashi 31,216 Chūō
6%
Miyazaki 17,638 Ebino
6%
Chiba 42,465 Futtsu
6%
Shizuoka 86,614 Gotemba
6%
Ōsaka 108,736 Habikino
6%
Saitama 80,361 Hannō
6%
Aomori 13,496 Hashikami
6%
Nagasaki 29,365 Hirado
6%
Aomori 10,126 Hiranai
6%
Ibaraki 39,267 Hitachiōmiya
6%
Ibaraki 48,602 Hitachiōta
6%
Saitama 78,569 Honjō
6%
Mie 44,973 Inabe
6%
Ibaraki 39,039 Inashiki
6%
Aichi 134,751 Inazawa
6%
Ibaraki 27,604 Itako
6%
Hokkaidō 11,648 Iwanai
6%
Ōsaka 74,412 Izumiōtsu
6%
Ibaraki 60,834 Jōsō
6%
Kyōto 74,607 Jōyō
6%
Okayama 46,088 Kasaoka
6%
Chiba 72,356 Katori
6%
Saitama 111,623 Kazo
6%
Shizuoka 47,789 Kikugawa
6%
Ibaraki 41,801 Kitaibaraki
6%
Ōita 27,999 Kitsuki
6%
Tōkyō 76,208 Kiyose
6%
Aichi 42,449 Kōta
6%
Chiba 14,639 Kujūkuri
6%
Ōita 26,232 Kunisaki
6%
Hokkaidō 11,272 Kuriyama
6%
Shizuoka 43,502 Makinohara
6%
Kagoshima 20,033 Makurazaki
6%
Miyagi 12,262 Marumori
6%
Nagasaki 21,271 Matsuura
6%
Aichi 22,496 Mihama
6%
Kumamoto 23,557 Minamata
6%
Fukushima 14,451 Minamiaizu
6%
Yamanashi 69,459 Minamiarupusu
6%
Mie 10,989 Minamiise
6%
Yamanashi 10,663 Minobu
6%
Gifu 56,689 Minokamo
6%
Gifu 56,388 Mizuho
6%
Tōkyō 31,765 Mizuho
6%
Chiba 86,782 Mobara
6%
Fukushima 30,236 Motomiya
6%
Ishikawa 16,540 Nakanoto
6%
Yamagata 10,746 Nakayama
6%
Kōchi 46,664 Nankoku
6%
Tochigi 24,875 Nasukarasuyama
6%
Kagoshima 14,708 Nishinoomote
6%
Aomori 12,374 Noheji
6%
Ishikawa 48,523 Nomi
6%
Ishikawa 57,238 Nonoichi
6%
Gumma 45,337 Numata
6%
Aomori 24,273 Oirase
6%
Kanagawa 31,634 Ōiso
6%
Niigata 34,096 Ojiya
6%
Shizuoka 31,103 Omaezaki
6%
Okinawa 10,869 Onna
6%
Iwate 11,004 Ōtsuchi
6%
Kanagawa 48,348 Samukawa
6%
Yamaguchi 60,326 San'yō-Onoda
6%
Fukuoka 31,209 Sasaguri
6%
Saitama 50,066 Satte
6%
Ehime 35,388 Seiyo
6%
Ōsaka 60,102 Sennan
6%
Hokkaidō 11,418 Shari
6%
Shizuoka 95,719 Shimada
6%
Ibaraki 42,521 Shimotsuma
6%
Chiba 63,883 Sodegaura
6%
Fukushima 34,865 Sōma
6%
Kagoshima 33,310 Soo
6%
Kōchi 19,033 Sukumo
6%
Okayama 29,072 Takahashi
6%
Yamagata 22,463 Takahata
6%
Chiba 13,735 Tako
6%
Gumma 47,446 Tomioka
6%
Aichi 69,295 Toyoake
6%
Nara 28,121 Uda
6%
Yamanashi 22,669 Uenohara
6%
Toyama 40,535 Uozu
6%
Miyagi 15,388 Wakuya
6%
Fukuoka 60,608 Yame
6%
Wakayama 26,538 Arida
5%
Fukuoka 50,273 Asakura
5%
Ibaraki 15,736 Daigo
5%
Hiroshima 21,930 Etajima
5%
Yamanashi 66,947 Fuefuki
5%
Yamanashi 26,082 Fujikawaguchiko
5%
Aomori 14,573 Fujisaki
5%
Fukuoka 67,033 Fukutsu
5%
Shimane 22,959 Gōtsu
5%
Ōsaka 51,254 Hannan
5%
Saitama 61,499 Hasuda
5%
Shizuoka 11,488 Higashiizu
5%
Hokkaidō 10,127 Higashikagura
5%
Saitama 91,791 Higashimatsuyama
5%
Iwate 15,091 Hirono
5%
Ibaraki 45,953 Hokota
5%
Gifu 19,529 Ibigawa
5%
Tōkyō 93,151 Inagi
5%
Ibaraki 73,061 Ishioka
5%
Miyazaki 17,379 Kadogawa
5%
Hokkaidō 10,348 Kamifurano
5%
Fukuoka 37,684 Kanda
5%
Saga 31,022 Kanzaki
5%
Hyōgo 42,700 Kasai
5%
Ibaraki 40,087 Kasumigaura
5%
Nagano 10,584 Kiso
5%
Saitama 65,201 Kitamoto
5%
Miyazaki 16,822 Kushima
5%
Wakayama 14,959 Kushimoto
5%
Kagawa 17,401 Mannō
5%
Tochigi 21,898 Mashiko
5%
Nagano 12,530 Matsukawa
5%
Gumma 17,195 Minakami
5%
Okayama 13,053 Misaki
5%
Ōsaka 14,741 Misaki
5%
Gifu 17,516 Mitake
5%
Niigata 39,237 Mitsuke
5%
Okinawa 52,931 Miyakojima
5%
Fukuoka 35,861 Miyama
5%
Tochigi 11,891 Motegi
5%
Fukuoka 97,095 Munakata
5%
Miyagi 10,666 Murata
5%
Kōchi 11,742 Muroto
5%
Yamagata 26,543 Nagai
5%
Kyōto 31,629 Nantan
5%
Yamagata 30,420 Nan'yō
5%
Yamanashi 29,067 Nirasaki
5%
Kumamoto 10,288 Nishiki
5%
Chiba 48,129 Ōamishirasato
5%
Saga 43,952 Ogi
5%
Miyagi 35,182 Rifu
5%
Iwate 18,262 Rikuzentakata
5%
Yamagata 40,189 Sagae
5%
Ibaraki 39,122 Sakuragawa
5%
Akita 24,610 Semboku
5%
Miyagi 18,132 Shichigahama
5%
Gumma 14,216 Shintō
5%
Saitama 52,214 Shiraoka
5%
Kagawa 13,870 Shōdoshima
5%
Yamagata 20,151 Shōnai
5%
Chiba 35,040 Sōsa
5%
Saitama 43,845 Sugito
5%
Shizuoka 50,911 Susono
5%
Fukuoka 46,203 Tagawa
5%
Niigata 28,509 Tainai
5%
Miyagi 28,786 Taiwa
5%
Ōita 20,332 Taketa
5%
Iwate 55,579 Takizawa
5%
Okayama 56,531 Tamano
5%
Hyōgo 61,471 Tamba
5%
Chiba 58,219 Tōgane
5%
Toyama 48,154 Tonami
5%
Ehime 33,903 Tōon
5%
Kōchi 12,388 Tosashimizu
5%
Aomori 12,074 Tsuruta
5%
Fukuoka 37,671 Umi
5%
Shimane 36,007 Unnan
5%
Nagasaki 41,096 Unzen
5%
Saitama 83,989 Wakō
5%
Hyōgo 22,129 Yabu
5%
Aichi 43,025 Yatomi
5%
Fukuoka 71,426 Yukuhashi
5%
Ehime 19,601 Ainan
4%
Aichi 60,829 Aisai
4%
Hiroshima 26,448 Akitakata
4%
Kumamoto 14,676 Asagiri
4%
Kyōto 31,846 Ayabe
4%
Okinawa 28,201 Chatan
4%
Ōsaka 63,688 Fujiidera
4%
Nara 24,096 Gose
4%
Niigata 47,625 Gosen
4%
Ishikawa 20,407 Hakui
4%
Nara 18,009 Heguri
4%
Tōkyō 16,958 Hinode
4%
Tottori 10,696 Hōki
4%
Tochigi 11,262 Ichikai
4%
Aomori 12,700 Itayanagi
4%
Okinawa 13,521 Kadena
4%
Kanagawa 18,329 Kaisei
4%
Tochigi 30,806 Kaminokawa
4%
Ōsaka 75,033 Katano
4%
Fukui 22,150 Katsuyama
4%
Nara 17,018 Kawai
4%
Saitama 19,378 Kawajima
4%
Kyōto 77,907 Kizugawa
4%
Tokushima 36,149 Komatsushima
4%
Nagano 40,991 Komoro
4%
Ōita 14,386 Kusu
4%
Okayama 42,725 Maniwa
4%
Ehime 29,630 Masaki
4%
Saitama 28,266 Matsubushi
4%
Aichi 16,617 Minamichita
4%
Okinawa 12,530 Motobu
4%
Fukuoka 40,362 Nakama
4%
Toyama 32,349 Namerikawa
4%
Okinawa 44,043 Nanjō
4%
Fukushima 20,808 Nishigō
4%
Fukuoka 56,212 Nōgata
4%
Toyama 23,839 Nyūzen
4%
Fukuoka 32,988 Ōkawa
4%
Shimane 13,433 Okinoshima
4%
Ōsaka 58,435 Ōsakasayama
4%
Hiroshima 26,319 Ōtake
4%
Kyōto 15,953 Ōyamazaki
4%
Aomori 10,367 Rokkasho
4%
Shiga 11,789 Ryūō
4%
Nagasaki 26,275 Saikai
4%
Kyōto 36,198 Seika
4%
Ōsaka 55,177 Shijōnawate
4%
Nagano 19,155 Shimosuwa
4%
Chiba 10,305 Shirako
4%
Ibaraki 18,097 Shirosato
4%
Hiroshima 33,633 Shōbara
4%
Yamanashi 20,909 Shōwa
4%
Kagawa 22,445 Tadotsu
4%
Ibaraki 27,699 Takahagi
4%
Aichi 46,106 Takahama
4%
Fukui 10,326 Takahama
4%
Tochigi 29,229 Takanezawa
4%
Hyōgo 39,611 Tamba-Sasayama
4%
Nagasaki 29,339 Togitsu
4%
Okinawa 64,612 Tomigusuku
4%
Ōsaka 18,279 Toyono
4%
Ishikawa 36,957 Tsubata
4%
Ehime 15,322 Uchiko
4%
Akita 13,825 Ugo
4%
Kagawa 18,699 Utazu
4%
Miyagi 33,087 Watari
4%
Tochigi 31,165 Yaita
4%
Yamagata 13,725 Yamanobe
4%
Nara 83,285 Yamatokōriyama
4%
Tottori 15,937 Yazu
4%
Kyōto 20,092 Yosano
4%
Saitama 18,192 Yoshimi
4%
Fukushima 19,014 Aizumisato
3%
Kagoshima 19,270 Akune
3%
Okayama 32,772 Asakuchi
3%
Kagawa 22,693 Ayagawa
3%
Ōita 22,112 Bungotakada
3%
Gumma 10,861 Chiyoda
3%
Chiba 13,803 Chōsei
3%
Fukui 18,965 Eiheiji
3%
Aichi 34,133 Fusō
3%
Gifu 25,881 Ginan
3%
Okinawa 40,440 Haebaru
3%
Nagasaki 14,291 Hasami
3%
Saitama 13,560 Hatoyama
3%
Kumamoto 11,094 Hikawa
3%
Yamanashi 14,700 Ichikawamisato
3%
Nara 27,587 Ikaruga
3%
Hyōgo 29,680 Inagawa
3%
Okinawa 61,007 Itoman
3%
Saitama 30,343 Kamisato
3%
Ōsaka 15,697 Kanan
3%
Iwate 15,535 Kanegasaki
3%
Aichi 37,338 Kanie
3%
Shizuoka 36,794 Kannami
3%
Nara 78,113 Kashiba
3%
Nara 36,832 Katsuragi
3%
Wakayama 15,967 Katsuragi
3%
Mie 10,321 Kihō
3%
Mie 14,604 Kihoku
3%
Saga 17,250 Kiyama
3%
Yamaguchi 55,887 Kudamatsu
3%
Gumma 10,882 Meiwa
3%
Mie 22,445 Meiwa
3%
Fukushima 17,018 Miharu
3%
Kanagawa 40,841 Minamiashigara
3%
Fukui 10,002 Minamiechizen
3%
Yamaguchi 23,247 Mine
3%
Nagano 24,989 Minowa
3%
Gifu 32,928 Motosu
3%
Wakayama 14,137 Nachikatsuura
3%
Nagasaki 40,780 Nagayo
3%
Saitama 19,732 Namegawa
3%
Okinawa 34,984 Nishihara
3%
Miyagi 23,571 Ōgawara
3%
Fukuoka 59,360 Ogōri
3%
Gumma 42,089 Ōizumi
3%
Shimane 11,849 Okuizumo
3%
Ibaraki 48,870 Omitama
3%
Saitama 17,889 Ranzan
3%
Nara 23,219 Sangō
3%
Okayama 10,950 Satoshō
3%
Ōsaka 30,927 Shimamoto
3%
Nagasaki 17,503 Shinkamigotō
3%
Tochigi 10,354 Shioya
3%
Chiba 20,745 Shisui
3%
Kōchi 20,590 Susaki
3%
Miyazaki 19,922 Takanabe
3%
Kagoshima 13,819 Tarumizu
3%
Aichi 43,903 Tōgō
3%
Chiba 13,228 Tōnoshō
3%
Kagawa 12,846 Tonoshō
3%
Ishikawa 26,574 Uchinada
3%
Fukuoka 27,981 Ukiha
3%
Fukushima 17,287 Yabuki
3%
Nara 61,744 Yamatotakada
3%
Shimane 37,062 Yasugi
3%
Chiba 22,075 Yokoshibahikari
3%
Okinawa 41,206 Yomitan
3%
Tokushima 38,772 Yoshinogawa
3%
Gifu 14,355 Anpachi
2%
Wakayama 25,258 Aridagawa
2%
Gifu 18,585 Gōdo
2%
Ōita 27,723 Hiji
2%
Fukuoka 19,969 Hirokawa
2%
Ishikawa 12,121 Hōdatsushimizu
2%
Tottori 14,228 Hokuei
2%
Tokushima 24,833 Ishii
2%
Gumma 14,083 Itakura
2%
Wakayama 53,967 Iwade
2%
Aichi 47,983 Iwakura
2%
Fukushima 12,318 Kagamiishi
2%
Hiroshima 29,636 Kaita
2%
Ōsaka 84,443 Kaizuka
2%
Kumamoto 24,563 Kamiamakusa
2%
Toyama 19,351 Kamiichi
2%
Tokushima 11,384 Kamiita
2%
Hyōgo 10,616 Kamikawa
2%
Saitama 13,359 Kamikawa
2%
Nagasaki 13,377 Kawatana
2%
Kumamoto 43,337 Kikuyō
2%
Gifu 18,139 Kitagata
2%
Nagano 32,202 Komagane
2%
Mie 40,559 Komono
2%
Miyazaki 18,398 Kunitomi
2%
Kyōto 12,907 Kyōtamba
2%
Tokushima 14,583 Matsushige
2%
Ibaraki 14,602 Miho
2%
Nagano 15,797 Minamiminowa
2%
Akita 15,254 Mitane
2%
Saga 25,511 Miyaki
2%
Saitama 34,147 Miyashiro
2%
Fukuoka 28,114 Mizumaki
2%
Gifu 37,150 Mizunami
2%
Saitama 35,366 Moroyama
2%
Kumamoto 15,372 Nagasu
2%
Okinawa 22,157 Nakagusuku
2%
Gumma 15,386 Nakanojō
2%
Saitama 10,928 Ogano
2%
Saitama 11,029 Ogose
2%
Fukuoka 18,723 Onga
2%
Toyama 28,983 Oyabe
2%
Nara 16,728 Ōyodo
2%
Nagano 14,004 Sakaki
2%
Chiba 48,444 Sanmu
2%
Hyōgo 15,863 Sayō
2%
Nagasaki 13,912 Saza
2%
Niigata 14,259 Seirō
2%
Hyōgo 13,318 Shin'onsen
2%
Yamagata 12,890 Shirataka
2%
Hyōgo 34,819 Shisō
2%
Fukuoka 28,628 Sue
2%
Nagano 49,559 Suzaka
2%
Yamaguchi 14,483 Tabuse
2%
Fukuoka 15,521 Tachiarai
2%
Niigata 11,227 Tagami
2%
Hyōgo 33,477 Taishi
2%
Ōsaka 13,009 Taishi
2%
Hiroshima 23,993 Takehara
2%
Mie 15,041 Tamaki
2%
Fukushima 13,343 Tanagura
2%
Gifu 26,402 Tarui
2%
Mie 25,784 Tōin
2%
Saitama 10,540 Tokigawa
2%
Chiba 49,735 Tomisato
2%
Aichi 15,613 Toyoyama
2%
Saitama 70,117 Tsurugashima
2%
Okayama 13,623 Wake
2%
Nagano 11,352 Yamanouchi
2%
Gifu 10,195 Yaotsu
2%
Saitama 32,374 Yorii
2%
Gifu 26,882 Yōrō
2%
Saga 16,323 Yoshinogari
2%
Gumma 21,792 Yoshioka
2%
Wakayama 11,122 Yuasa
2%
Tottori 16,055 Yurihama
2%
Aichi 28,383 Agui
1%
Hyōgo 28,989 Asago
1%
Kumamoto 15,681 Ashikita
1%
Fukuoka 17,189 Chikujō
1%
Okayama 12,368 Hayashima
1%
Gumma 12,728 Higashiagatsuma
1%
Yamaguchi 11,914 Hirao
1%
Nagano 10,296 Iizuna
1%
Hyōgo 30,268 Inami
1%
Tokushima 13,042 Itano
1%
Hyōgo 13,879 Kamigōri
1%
Wakayama 15,236 Kamitonda
1%
Nara 21,714 Kanmaki
1%
Gumma 12,491 Kanra
1%
Gifu 22,208 Kasamatsu
1%
Fukuoka 48,190 Kasuya
1%
Fukushima 12,170 Kawamata
1%
Fukuoka 12,878 Keisen
1%
Okayama 10,886 Kibichūō
1%
Nara 33,810 Kōryō
1%
Tottori 16,365 Kotoura
1%
Fukuoka 15,080 Kurate
1%
Kumamoto 32,510 Mashiki
1%
Miyazaki 25,591 Mimata
1%
Fukuoka 26,298 Miyawaka
1%
Nagano 15,555 Miyota
1%
Nagano 10,660 Obuse
1%
Fukuoka 31,007 Okagaki
1%
Aichi 83,144 Owariasahi
1%
Ōsaka 16,567 Tadaoka
1%
Ōsaka 55,635 Takaishi
1%
Nagano 12,811 Takamori
1%
Hyōgo 87,722 Takasago
1%
Aichi 43,535 Taketoyo
1%
Gumma 36,054 Tamamura
1%
Nara 31,177 Tawaramoto
1%
Kagoshima 10,147 Tokunoshima
1%
Ōita 16,100 Tsukumi
1%
Okinawa 19,695 Yonabaru
1%
Shiga 20,893 Aishō
0%
Hyōgo 19,377 Fukusaki
0%
Tokushima 13,622 Higashimiyoshi
0%
Aichi 49,596 Higashiura
0%
Okayama 12,062 Kagamino
0%
Miyazaki 15,194 Kawaminami
0%
Fukuoka 10,191 Kawara
0%
Kagoshima 14,227 Kimotsuki
0%
Tokushima 22,745 Kitajima
0%
Okinawa 17,969 Kitanakagusuku
0%
Ōsaka 43,763 Kumatori
0%
Kyōto 15,250 Kumiyama
0%
Kōchi 10,262 Kuroshio
0%
Shizuoka 43,336 Nagaizumi
0%
Aichi 24,305 Ōguchi
0%
Aichi 32,399 Ōharu
0%
Shimane 10,163 Ōnan
0%
Kōchi 12,323 Sakawa
0%
Nagano 10,218 Sakuho
0%
Hiroshima 15,125 Sera
0%
Fukuoka 46,377 Shime
0%
Miyazaki 16,564 Shintomi
0%
Okayama 10,888 Shōō
0%
Okinawa 30,941 Yaese
0%
Okayama 13,414 Yakage
0%
No matching quizzes found
Score Distribution
Percent of People with Each Score
Percentile by Number Answered
Your Score History
You have not taken this quiz